|
|
|
|
| LEADER |
01961nam a2200421 a 4500 |
| 001 |
29718 |
| 003 |
BD-DhAAL |
| 005 |
20230525144658.0 |
| 008 |
150817r20101984enka b 001 0 eng |
| 020 |
|
|
|a 9780415567886 (pbk.)
|
| 020 |
|
|
|a 0415567882 (pbk.)
|
| 035 |
|
|
|a (OCoLC)460061795
|
| 040 |
|
|
|a UKM
|b eng
|c UKM
|d BTCTA
|d BWX
|d YDXCP
|d TEF
|d IOG
|d CDX
|d OCLCQ
|d UKMGB
|d VP@
|d U9X
|d OCLCQ
|d OCLCF
|d UKDBK
|d EQF
|d BD-DhAAL
|
| 041 |
1 |
|
|a eng
|
| 042 |
|
|
|a ukblsr
|
| 043 |
|
|
|a e-fr---
|
| 049 |
|
|
|a EQFA
|
| 050 |
1 |
4 |
|a DC33.7
|b .B67 2010
|
| 082 |
0 |
4 |
|a 305.550944
|2 22
|
| 100 |
1 |
|
|a Bourdieu, Pierre,
|d 1930-2002.
|9 13871
|
| 240 |
1 |
0 |
|a Distinction, critique sociale du judgement.
|l English.
|
| 245 |
1 |
0 |
|a Distinction :
|b a social critique of the judgement of taste /
|c Pierre Bourdieu ; translated by Richard Nice, with a new introduction by Tony Bennett.
|
| 260 |
|
|
|a London :
|b Routledge,
|c 2010.
|
| 300 |
|
|
|a xxx, 607 pages :
|b illustrations ;
|c 22 cm.
|
| 490 |
1 |
|
|a Routledge classics.
|
| 500 |
|
|
|a Originally published: Routledge Kegan & Paul, 1984.
|
| 504 |
|
|
|a Includes bibliographical references and index.
|
| 520 |
8 |
|
|a In 'Distinction', Pierre Bourdieu brilliantly illuminates the social pretentions of the middle classes in the modern world. Focusing on the French bourgeoisie - its tastes and preferences - 'Distinction' is at once a vast ethnography of contemporary France and a dissection of the bourgeois mind.
|
| 541 |
|
|
|e 29718
|
| 546 |
|
|
|a Translated from the French.
|
| 650 |
|
0 |
|a Middle class
|z France.
|9 13872
|
| 650 |
|
0 |
|a Aesthetics, French.
|9 13873
|
| 650 |
|
0 |
|a Judgment (Aesthetics)
|9 13874
|
| 651 |
|
0 |
|a France
|x Civilization
|y 1945-
|9 13875
|
| 830 |
|
0 |
|a Routledge classics.
|9 13876
|
| 942 |
|
|
|2 ddc
|c BK
|
| 999 |
|
|
|c 35263
|d 35263
|
| 952 |
|
|
|0 0
|1 0
|2 ddc
|4 0
|6 305_550944000000000_BOU
|7 0
|9 55318
|a BRACUL
|b BRACUL
|c GEN
|d 2015-08-17
|e Karim International
|g 1834.00
|l 2
|m 59
|o 305.550944 BOU
|p 3010029718
|q 2026-03-10
|r 2025-06-21
|s 2025-06-21
|t 1
|w 2015-08-17
|y BK
|